Southville International School and Colleges
Your cart is empty.
  • Cart
  • Lists
    Public lists Eva Luna New books Lux_list list_1
    Your lists Log in to create your own lists
  • Log in to your account
  • Your cookies
  • Search history
Southville International School and Colleges
  • Advanced search
  • Recent comments
  • Most popular
  • Libraries

Log in to your account

Log in with GOOGLE


If you do not have an external account, but do have a local account, you can still log in:

  1. Home
  2. MARC view: Learn Chinese through English /
Normal view MARC view ISBD view

Learn Chinese through English / (Record no. 105227)

[ view plain ]
MARC details
000 -LEADER
fixed length control field 00614nam a2200181 a 4500
005 - DATE AND TIME OF LATEST TRANSACTION
control field 20140412111347.0
008 - FIXED-LENGTH DATA ELEMENTS--GENERAL INFORMATION
fixed length control field 050421s19uu xx 00 eng d
020 ## - INTERNATIONAL STANDARD BOOK NUMBER
International Standard Book Number 81-7245-109-1
050 ## - LIBRARY OF CONGRESS CALL NUMBER
Classification number M 495.1
Item number Le477 1986
100 ## - MAIN ENTRY--PERSONAL NAME
Personal name Sharma, Dr. Anita
245 ## - TITLE STATEMENT
Title Learn Chinese through English /
Statement of responsibility, etc Dr. Anita Sharma.
260 ## - PUBLICATION, DISTRIBUTION, ETC. (IMPRINT)
Place of publication, distribution, etc New Dehi :
Name of publisher, distributor, etc Goodwill Publishing House,
Date of publication, distribution, etc 1986.
300 ## - PHYSICAL DESCRIPTION
Extent 297 p. ; ill.
500 ## - GENERAL NOTE
General note Department of Chinese and Japanese Studies, University of Delhi
650 ## - SUBJECT ADDED ENTRY--TOPICAL TERM
Topical term or geographic name as entry element Chinese language
General subdivision Study and teaching
650 ## - SUBJECT ADDED ENTRY--TOPICAL TERM
Topical term or geographic name as entry element English-Chinese language
General subdivision Study and teaching
Holdings
Withdrawn status Lost status Damaged status Home library Current library Shelving location Date acquired Source of acquisition Total Checkouts Full call number Barcode Date last seen Price effective from Koha item type
      Elizalde Library Elizalde Library Main Section 04/21/2005     M 495.1 Le477 1986 E9662 04/12/2014 04/12/2014 Books

Learn Chinese through English /

APA

Sharma D. A., . (1986). Learn Chinese through English. New Dehi: Goodwill Publishing House.

Chicago

Sharma Dr Anita, . 1986. Learn Chinese through English. New Dehi: Goodwill Publishing House.

Harvard

Sharma D. A., . (1986). Learn Chinese through English. New Dehi: Goodwill Publishing House.

MLA

Sharma Dr Anita, . Learn Chinese through English. New Dehi: Goodwill Publishing House. 1986.

  • Place hold
  • Print
  • Cite
  • Add to your cart (remove)
  • Save record
    BIBTEX Dublin Core MARCXML MARC (non-Unicode/MARC-8) MARC (Unicode/UTF-8) MARC (Unicode/UTF-8, Standard) MODS (XML) RIS
  • More searches
    Search for this title in:
    Other Libraries (WorldCat) Other Databases (Google Scholar) Online Stores (Bookfinder.com) Open Library (openlibrary.org)

Exporting to Dublin Core...

SOUTHVILLE LIBRARY

Southville International School and Colleges Library

1281 Tropical Ave. Cor. Luxembourg St., BF Homes International, Las Pinas City

Tel. No. 8256374 / 252358 Loc. 117/146

Powered by Koha